Game of Thrones Dragons - Statistics

General Stats
  • This quiz has been taken 156 times
  • The average score is 9 of 11
Answer Stats
Owner Dragon % Correct
Daenerys Targaryen (black) Drogon
99%
Daenerys Targaryen (green) Rhaegal
95%
Daenerys Targaryen (white) Viserion
93%
Aegon the conqueror Balerion
90%
Daemon Targaryen Caraxes
78%
Rhaenyra Targaryen Syrax
77%
Visenya Targaryen Vhagar
77%
Rhaenys Targaryen Meraxes
70%
Aegon II Targaryen Sunfyre
69%
Alyssa + Rhaenys Targaryen Meleys
68%
Jaeharys Targaryen Vermithor
58%
No matching quizzes found
Score Distribution
Percent of People with Each Score
Percentile by Number Answered
Your Score History
You have not taken this quiz